Statystyki dla Miasta w województwie opolskim

Kliknij tutaj aby rozwiązać quiz!

Ogólne statystyki

  • Ten quiz został rozwiązany 353 razy
  • Średni wynik to 17 z 35

Statystyki odpowiedzi

Miasto Liczba ludności % poprawnych
Opole120 031
100%
Nysa44 772
84%
Kędzierzyn-Koźle63 012
84%
Brzeg36 841
80%
Kluczbork24 424
75%
Strzelce Opolskie18 381
71%
Prudnik21 661
69%
Krapkowice16 921
66%
Głuchołazy14 169
65%
Namysłów16 109
64%
Olesno9 592
58%
Głubczyce12 968
57%
Niemodlin6 689
47%
Ozimek9 153
44%
Paczków7 829
44%
Praszka7 893
43%
Otmuchów5 067
43%
Gogolin6 538
43%
Zdzieszowice11 917
41%
Byczyna3 692
40%
Zawadzkie7 575
39%
Wołczyn5 981
38%
Głogówek5 761
38%
Grodków8 885
38%
Dobrodzień3 801
37%
Prószków2 678
36%
Lewin Brzeski5 987
35%
Gorzów Śląski2 515
35%
Ujazd1 734
33%
Kietrz6 130
32%
Kolonowskie3 365
31%
Korfantów1 881
29%
Biała2 510
28%
Baborów2 997
25%
Leśnica2 716
25%

Rozkład punktacji

Percentyl według liczby udzielonych odpowiedzi

Procent ludzi z każdym wynikiem

Twoja historia wyników

Nie rozwiązałeś tego quizu